[Event "FRA-chT2S 0203"]
[Site "France"]
[Date "2003.??.??"]
[Round "11.9"]
[White "Flotte, Joelle"]
[Black "Lajarige, Helene"]
[Result "0-1"]
[WhiteElo "1440"]
[BlackElo "1540"]
[PlyCount "70"]
[EventDate "2002.10.??"]
[EventType "team"]
[EventRounds "11"]
[EventCountry "FRA"]
[SourceTitle "EXT 2004"]
[Source "ChessBase"]
[SourceDate "2003.11.25"]
[SourceVersion "1"]
[SourceVersionDate "2003.11.25"]
[SourceQuality "1"]
[WhiteTeam "AECE"]
[BlackTeam "Maromme"]
[WhiteTeamCountry "FRA"]
[BlackTeamCountry "FRA"]

1. c4 e6 2. Nc3 Nf6 3. Nf3 d5 4. cxd5 exd5 5. g3 Be6 6. Bg2 Be7 7. 0-0 0-0 8. a3 c5 9. h3 Qc8 10. Kh2 Nc6 11. Ng1 d4 12. Ne4 Nxe4 13. Bxe4 Bd6 14. d3 f5 15. Bg2 f4 16. e4 Qc7 17. Qe1 Rae8 18. Bd2 Ne5 19. Qe2 Ng6 20. Qe1 fxg3+ 21. fxg3 Rxf1 22. Bxf1 Rf8 23. Bg2 Rf6 24. Rc1 Qf7 25. b4 b6 26. bxc5 bxc5 27. Rb1 h5 28. Ne2 Nh4 29. Bf4 Nxg2 30. Kxg2 Bxf4 31. Nxf4 h4 32. Nxe6 Qxe6 33. gxh4 Rg6+ 34. Kf2 Qa2+ 35. Kf1 Qg2# 0-1

[Event "FRA-chT2S"]
[Site "France"]
[Date "2002.11.17"]
[Round "3.9"]
[White "Flotte, Joelle"]
[Black "Dewitte, Catherine"]
[Result "0-1"]
[WhiteElo "1450"]
[BlackElo "1970"]
[PlyCount "58"]
[EventDate "2002.10.??"]
[EventType "team"]
[EventRounds "11"]
[EventCountry "FRA"]
[SourceTitle "EXT 2004"]
[Source "ChessBase"]
[SourceDate "2003.11.25"]
[SourceVersion "1"]
[SourceVersionDate "2003.11.25"]
[SourceQuality "1"]

1. c4 e6 2. Nc3 b6 3. d3 Bb7 4. a3 a5 5. Nf3 f5 6. e4 fxe4 7. dxe4 Bc5 8. g3 Nf6 9. Bg5 h6 10. Bxf6 Qxf6 11. Bg2 Nc6 12. 0-0 0-0-0 13. Qd2 Nd4 14. Nxd4 Qxd4 15. Qxd4 Bxd4 16. Rad1 Bxc3 17. bxc3 Ba6 18. e5 Bxc4 19. Rfe1 Rhf8 20. Re3 Rf7 21. f4 Ba6 22. Be4 g5 23. fxg5 hxg5 24. Bg2 Rdf8 25. Re4 Rh8 26. Rg4 Be2 27. Rdd4 Bxg4 28. Rxg4 Rf5 29. Be4 Rxe5 0-1